000
00310nam a2200133Ia 4500
005
20251222141852.0
008
251222s9999||||xx |||||||||||||| ||spa||
082
_a
869.569/A61
100
_a
Ángeles Caballero, César
245
0
_a
César Vallejo:
250
_a
2a.ed.
264
_b
San Marcos
942
_c
LIB
999
_c
7767
_d
7767